| 000 | 00607nam a2200217Ia 4500 | ||
|---|---|---|---|
| 005 | 20260429112024.0 | ||
| 008 | 260429s9999||||xx |||||||||||||| ||und|| | ||
| 020 | _a9781032464855 | ||
| 041 | _aEnglish | ||
| 082 |
_a796.334 _bFOR |
||
| 100 | _aForsyth, Jacky | ||
| 245 | 0 |
_aWomen’s football : _bfrom science to high performance / _cJacky Forsyth |
|
| 250 | _a1st ed. | ||
| 260 |
_aNew York : _bRoutledge, _c2025. |
||
| 300 | _axvi, 237 p.; pbk | ||
| 650 | _a Athletic performance | ||
| 650 | _a Sports science | ||
| 650 | _aWomen's football | ||
| 700 | _a Roberts, Claire-Marie | ||
| 942 | _cTB | ||
| 999 |
_c51941 _d51941 |
||